IRERS 2006 : Plenary Session 1 :

Bibliographic Details
Corporate Author: Institut Penilaian Negara
Format: Book
Published: Kuala Lumpur : Pusat Dagangan Dunia Putra (PWTC) , 2006

MARC

LEADER 00000cam a2200000 7i4500
001 0000021828
005 20080627.0
040 |a INS 
090 0 0 |a VCD 537 
245 0 0 |a IRERS 2006 :   |b Plenary Session 1 :   |b "Role of research in the changing real estate" :   |b 11th April 2006 [  |h video disc] 
260 |a Kuala Lumpur :   |b Pusat Dagangan Dunia Putra (PWTC) ,   |c 2006 
300 |a 1 cakera video ( 55 min.) :   |b col. snd. ;   |c 4 3/4 in. 
500 |a Included Paper 1: The accuracy of property forecasting., Paper 2: Survival of the fittest., Paper 3: International real estate investment though indirect vehicles: an initial view of risk and return characteristics 
710 1 |a Institut Penilaian Negara 
999 |a VCD0000537   |b VIDEO CD   |c Media Collection   |e Default branch